000 00393nam a22001457a 4500
020 _a978-81-7754-322-3
041 _aENG
100 _aS.Saraawathy
245 _aPostharvest Mangement Of Horticultural Crops
260 _ajodhpur
_bAgroblos (India )
_c2019
300 _a525
650 _aAgronomi /Horiculture
700 _aT.L. Preethi ,S.Balasubramanyan
856 _uAgronomi /Horiculture
999 _c90
_d90